Statistics for All Valorant Skin Bundles

Click here to take the quiz!

General Stats

  • This quiz has been taken 59 times
  • The average score is 15 of 76

Answer Stats

HintAnswer% Correct
gbGive Back 2022
100%
iIon 2.0
83%
pPrime
79%
rReaver
76%
rReaver 2.0
74%
iIon
62%
oOni 2.0
57%
oOni
55%
rRGX 11z Pro
52%
solSentinels of Light
48%
gGlitchpop
45%
aAraxys
38%
eElderflame
38%
pPrime 2.0
36%
xXenohunter
31%
fForsaken
29%
ptcPrelude to Chaos
26%
mMagepunk
24%
nNeptune
24%
oOrigin
24%
rRecon
24%
sSpectrum
24%
gvGaia's Vengance
21%
pPrism
21%
sSingularity
21%
vgvVALORANT Go! Vol. 1
21%
vgvVALORANT Go! Vol. 2.
21%
gunGravitational Uranium Neuroblaster
19%
sSovereign
19%
wwWinter Wonderland
19%
aArcane
17%
bBlastX
17%
cvChronoVoid
17%
pProtocol 781-A
17%
vcVCT Champions 2021
17%
vcVCT Champions 2022
17%
vVCT Champions 2023
17%
gbGive Back
14%
rRuination
14%
tbmThe Black.Market
14%
gGlitchpop 2.0
12%
iInfantry
12%
cCryostasis
10%
rcRadiant Crisis 001
10%
sSmite
10%
aAltitude
7%
eEgo
7%
mMinima
7%
nNebula
7%
sSakura
7%
sSpline
7%
trTethered Realms
7%
tTitanmail
7%
mMagepunk 2.0
5%
rReverie
5%
ribRun it Back
5%
ribRun it Back
5%
ribRun It Back 2
5%
sSilvanus
5%
uUndercity
5%
aAbyssal
2%
cCrimsonbeast
2%
lLuna
2%
pPrism II
2%
sSnowfall
2%
wWasteland
2%
cCelestial
0%
eEndeavour
0%
hHorizon
0%
kamKohaku and Matsuba
0%
noNunca Olvidados
0%
sSarmad
0%
sSensation
0%
sSoulstrife
0%
taTeam ace
0%
tTigris
0%

Score Distribution

Percentile by Number Answered

Percent of People with Each Score

Your Score History

You have not taken this quiz